Al-aalim al-islami fi al-qas al-abbasi (Record no. 1466257)

MARC details
000 -LEADER
fixed length control field 00441nam a22001697a 4500
005 - DATE AND TIME OF LATEST TRANSACTION
control field 20251211153253.0
008 - FIXED-LENGTH DATA ELEMENTS--GENERAL INFORMATION
fixed length control field 251211b |||||||| |||| 00| 0 eng d
037 ## - SOURCE OF ACQUISITION
Terms of availability TB
040 ## - CATALOGING SOURCE
Original cataloging agency AL
Transcribing agency AL
041 ## - LANGUAGE CODE
Source of code ARB
Language code of text/sound track or separate title ARB
100 ## - MAIN ENTRY--PERSONAL NAME
Personal name Ahmad Ibraheem
9 (RLIN) 856072
245 ## - TITLE STATEMENT
Title Al-aalim al-islami fi al-qas al-abbasi
260 ## - PUBLICATION, DISTRIBUTION, ETC.
Date of publication, distribution, etc. 1985.
365 ## - TRADE PRICE
Price amount 175.00
Currency code INR
942 ## - ADDED ENTRY ELEMENTS (KOHA)
Source of classification or shelving scheme Colon Classification (CC)
Koha item type Textbook
Suppress in OPAC No
Holdings
Withdrawn status Lost status Source of classification or shelving scheme Damaged status Not for loan Home library Current library Date acquired Total Checkouts Barcode Date last seen Price effective from Koha item type
  Missing Colon Classification (CC)     Arts Library Arts Library 2025-12-11   AL1063017 2025-12-11 2025-12-11 Textbook
Copyright @ Delhi University Library System